Modern hot-atom chemistry and its applications /

Bibliographic Details
Main Author: Tominaga, Takeshi, 1935-
Other Authors: Tachikawa, Enzo, 1936-
Format: Book
Language:English
Published: Berlin ; New York : Springer-Verlag, 1981.
Series:Inorganic chemistry concepts ; v. 5.
Subjects:

MARC

Tag First Indicator Second Indicator Subfields
LEADER 00000pam a2200000 a 4500
001 in00000073910
005 20151008054740.0
008 810402s1981 wb a b 00110 eng
010 |a  81005285  
020 |a 0387107150 (U.S.) 
035 |a (OCoLC)07462374 
035 |9 AAJ1562AM 
039 0 |a 2  |b 3  |c 3  |d 3  |e 3 
040 |a DLC  |c DLC  |d TXA  |d UtOrBLW 
049 |a TXAM  |c [800715] 
050 0 0 |a QD601.2  |b .T65 
082 0 |a 541.3/8  |2 19 
100 1 |a Tominaga, Takeshi,  |d 1935- 
245 1 0 |a Modern hot-atom chemistry and its applications /  |c Takeshi Tominaga, Enzo Tachikawa. 
264 1 |a Berlin ;  |a New York :  |b Springer-Verlag,  |c 1981. 
300 |a viii, 154 pages :  |b illustrations ;  |c 25 cm. 
336 |a text  |b txt  |2 rdacontent 
337 |a unmediated  |b n  |2 rdamedia 
338 |a volume  |b nc  |2 rdacarrier 
490 1 |a Inorganic chemistry concepts ;  |v v. 5 
504 |a Includes bibliographical references and index. 
650 0 |a Hot-atom chemistry. 
700 1 |a Tachikawa, Enzo,  |d 1936- 
830 0 |a Inorganic chemistry concepts ;  |v v. 5. 
999 |a MARS 
999 f f |s a0111674-d409-3d5a-874a-a13dea589c7f  |i da7f6f73-1c8e-33e1-a38e-d2ca14a628e8  |t 0 
952 f f |p ric  |a Texas A&M University  |b Rellis Campus  |c Joint Library Facility  |s JLF  |d Remote Storage  |t 0  |e QD601.2 .T65  |h Library of Congress classification  |i unmediated -- volume  |m A14807206206 
998 f f |a QD601.2 .T65  |t 0  |l Remote Storage